000 00430nam a2200169Ia 4500
008 220216s9999 xx 000 0 und d
100 _aYuexian Song
245 4 _aThe Adhesion of polyester textile to rubber
260 _bIndian Rubber and Plastics Age
_c2004
300 _a16-17
650 _aAdhesion
650 _aCarbob black filler
650 _aRFL
700 _aChuanxiang Xu
700 _aYoudao Wang
942 _cJS
999 _c70457
_d70457